Reglamento para la elaboración de la correspondencia en el ejercito nacional. / (Record no. 44351)
[ view plain ]
| 000 -CABECERA | |
|---|---|
| campo de control de longitud fija | 00413nam a2200121 a 4500 |
| 001 - NÚMERO DE CONTROL | |
| campo de control | 000044862 |
| 005 - FECHA Y HORA DE LA ÚLTIMA TRANSACCIÓN | |
| campo de control | 20201002045704.0 |
| 008 - DATOS DE LONGITUD FIJA--INFORMACIÓN GENERAL | |
| campo de control de longitud fija | 150114s1997 000 spa d |
| 040 ## - FUENTE DE LA CATALOGACIÓN | |
| Centro catalogador/agencia de origen | DO-SdBNP |
| Lengua de catalogación | spa |
| Centro/agencia transcriptor | BNPHU |
| 245 #0 - MENCIÓN DE TÍTULO | |
| Título | Reglamento para la elaboración de la correspondencia en el ejercito nacional. / |
| Mención de responsabilidad, etc. | Rodríguez, Adriano Silverio. |
| 260 ## - PUBLICACIÓN, DISTRIBUCIÓN, ETC. | |
| Lugar de publicación, distribución, etc. | Santo Domingo, : |
| Nombre del editor, distribuidor, etc. | Edita Libros, |
| Fecha de publicación, distribución, etc. | 1997. |
| 300 ## - DESCRIPCIÓN FÍSICA | |
| Extensión | 44 p. : ; |
| Dimensiones | 27 cm. |
| Estado de retiro | Estado de pérdida | Restricciones de uso | No para préstamo | Código de colección | Localización permanente | Ubicación/localización actual | Ubicación en estantería | Fecha de adquisición | Número de inventario | Total de préstamos | Signatura topográfica completa | Código de barras | Fecha visto por última vez | Precio válido a partir de | Tipo de ítem Koha |
|---|---|---|---|---|---|---|---|---|---|---|---|---|---|---|---|
| Excluido de préstamo | Monografías: Libros y Folletos | Patrimonio Dominicano | Patrimonio Dominicano | Depósito | 14.01.2015 | LF1 | 44862-10 | 25.06.2020 | 25.06.2020 | No se presta |
